2014-15 UEFA Europa League Results - Statistics

General Stats
  • This quiz has been taken 199 times
    190 since last reset
  • The average score is 24 of 32
Answers on the Map
Answers color-coded by a green-red scale on the quiz's map according to % correct below.
 
Answer Stats
Club % Correct
๐Ÿ‡ณ๐Ÿ‡ฑ Ajax
93%
๐Ÿ‡ช๐Ÿ‡ธ Sevilla
89%
๐Ÿด๓ ง๓ ข๓ ฅ๓ ฎ๓ ง๓ ฟ Liverpool
88%
๐Ÿ‡ต๐Ÿ‡น Sporting CP
86%
๐Ÿ‡ท๐Ÿ‡บ Zenit St Petersburg
86%
๐Ÿ‡ง๐Ÿ‡ช Club Brugge
84%
๐Ÿ‡ณ๐Ÿ‡ฑ PSV Eindhoven
84%
๐Ÿ‡บ๐Ÿ‡ฆ Dynamo Kyiv
82%
๐Ÿ‡ฎ๐Ÿ‡น Inter Milan
82%
๐Ÿ‡ฎ๐Ÿ‡น Napoli
82%
๐Ÿด๓ ง๓ ข๓ ณ๓ ฃ๓ ด๓ ฟ Celtic
81%
๐Ÿ‡ณ๐Ÿ‡ฑ Feyenoord
81%
๐Ÿ‡ฌ๐Ÿ‡ท Olympiacos
81%
๐Ÿ‡ฎ๐Ÿ‡น Roma
81%
๐Ÿ‡ง๐Ÿ‡ช Anderlecht
80%
๐Ÿ‡น๐Ÿ‡ท BeลŸiktaลŸ
79%
๐Ÿด๓ ง๓ ข๓ ฅ๓ ฎ๓ ง๓ ฟ Tottenham Hotspur
77%
๐Ÿ‡ช๐Ÿ‡ธ Villarreal
76%
๐Ÿ‡ต๐Ÿ‡ฑ Legia Warsaw
75%
๐Ÿ‡ฆ๐Ÿ‡น Red Bull Salzburg
75%
๐Ÿ‡ช๐Ÿ‡ธ Athletic Bilbao
74%
๐Ÿ‡บ๐Ÿ‡ฆ Dnipro
74%
๐Ÿ‡จ๐Ÿ‡ญ Young Boys
72%
๐Ÿ‡ฎ๐Ÿ‡น Fiorentina
71%
๐Ÿ‡ฉ๐Ÿ‡ช Borussia Mรถnchengladbach
66%
๐Ÿด๓ ง๓ ข๓ ฅ๓ ฎ๓ ง๓ ฟ Everton
64%
๐Ÿ‡ท๐Ÿ‡บ Dynamo Moscow
59%
๐Ÿ‡น๐Ÿ‡ท Trabzonspor
59%
๐Ÿ‡ฉ๐Ÿ‡ช Wolfsburg
58%
๐Ÿ‡ฉ๐Ÿ‡ฐ Aalborg BK
53%
๐Ÿ‡ฎ๐Ÿ‡น Torino
52%
๐Ÿ‡ซ๐Ÿ‡ท Guingamp
32%
No matching quizzes found
Score Distribution
Percent of People with Each Score
Percentile by Number Answered
Your Score History
You have not taken this quiz since the last reset